000 00976nam a2200289Ia 4500
001 Para_1334
003 CHAP
008 220125s1998 xx 000 0 und d
010 _a200042
040 _cCHAP
090 _aPA TESIS 1275
100 _aMartínez Bolaños, Luciano
_971868
245 _aDiagnóstico y control de enfermedades del singonio (Sygonium spp.), en Cuautla Mor., y Xochimilco, D.F., México /
_c por Luciano Martínez Bolaños
260 _aChapingo, Méx. :
_b El autor
300 _a52 h.
502 _aTesis (M.C. en Protección Vegetal), UACh. Depto. Parasitología
650 _aPlantas ornamentales
_x enfermedades
_989062
650 _aSingonio
_x enfermedades
_9165021
710 _aUACh. Departamento de Parasitología Agrícola
_9115877
901 _aPA TESIS 1275
902 _aA
905 _a0000001998 a 0000000000 00
910 _a1998
942 _cPARA
942 _cPARA
_d1
999 _c200042
_d200042